000 00539nam a2200181 4500
005 20251230141146.0
008 251230b |||||||| |||| 00| 0 eng d
020 _a978-0-143-44228-8
041 _aEng
082 _21st ed. 2023
_aX 152.4 DAS
_bB12100
100 _aDas Gaur Gopal
_9216111
245 _aEnergize Your Mind
_b:Learn the Art of Mastering Your Thoughts,Feeling and Emotions
250 _a1st ed
260 _aHaryana
_bPenguin Random House
_c2023
300 _axiii,311p
_bpb
365 _aRupaye
_b182
_cINR
942 _cBK
999 _c369634
_d369634